| 000 | 00783nam a2200253 i 4500 | ||
|---|---|---|---|
| 001 | bg | ||
| 100 | 1 |
_aROSENBLATT, Judah Isser _d(1931- ) |
|
| 245 | 1 | 0 |
_aMathematical analysis for modelling ; _cwith the collaboration of Stoughton Bell. |
| 260 |
_aBoca Raton [etc.] : _bCRC Press, _ccop.1999. |
||
| 300 |
_a[17], 860 s. : _brys., wykr. ; _c24 cm. |
||
| 490 | 1 | _aCRC Mathematical Modelling Series | |
| 504 | _aBibliogr. s. 817-818. - Indeks. | ||
| 650 | 9 | _aAnaliza matematyczna | |
| 650 | 9 | _aModele matematyczne | |
| 700 | 1 | _aBELL, Stoughton. | |
| 830 | _aCRC Mathematical Modelling Series | ||
| 020 | _a0849383374 | ||
| 040 | _cBPK | ||
| 041 | 0 | _aen | |
| 080 | _a517:519.86/.87 | ||
| 920 | _a0-8493-8337-4 | ||
| 942 | _cKS | ||
| 008 | s pl f |000 0 pol | ||
| 999 |
_c37201 _d37201 |
||
| 856 |
_uhttp://koha.tu.koszalin.pl/cgi-bin/koha/opac-detail.pl?biblionumber=37201 _yKatalog online BPK |
||